| 000 | 01104nam0a2200277 4500 | ||
|---|---|---|---|
| 001 | RU\NLR\bibl\257800 | ||
| 005 | 20250620125001.0 | ||
| 010 |
_a5-288-02250-х _9400 |
||
| 035 | _a(NLR Aleph) 000253540 | ||
| 090 |
_a1479797 _c1479797 |
||
| 100 | _a20020426d2000 |||y0rusy50 ca | ||
| 101 | 0 | _arus | |
| 102 | _aRU | ||
| 105 | _ay ||||||||| | ||
| 200 | 1 |
_aОбщественно-политическая мысль позднесредневековой Франции XIV-XV вв. _fЮ.П. Малинин _gС.-Петерб. гос. ун-т |
|
| 210 |
_aСПб. _cИзд-во СПбГУ _d2000 |
||
| 215 |
_a231, [2] с. _d20 |
||
| 320 | _aБиблиогр.: с. 225-232 и в примеч. в конце гл. | ||
| 607 |
_aФранция _xОбщественная мысль _z14 - 15 вв. _92223276 _3RU\NLR\auth\661334859 |
||
| 686 | _aТ3(4Фр)42-72 | ||
| 700 | 1 |
_4070 _7ca _8rus _aМалинин _bЮ. П. _f1946-2007 _gЮрий Павлович _9219487 _3RU\NLR\AUTH\770219543 |
|
| 801 | 0 |
_aRU _bNLR _c20020426 _gPSBO |
|
| 801 | 1 |
_aRU _bNLR _c20020426 |
|
| 942 | _cBOOK | ||
| 980 | _aNB | ||